Vybrané časti stavebno-technologickej prípravy pre stavbu "Bytový dom Fuxova, Bratislava, Petržalka"

Uložené v:
Podrobná bibliografia
Hlavný autor: Škrabalová, Patrícia (Autor)
Ďalší autori: Juríček, Ivan (Vedúci práce)
Médium: Rukopis Kniha
Jazyk:Slovak
Vydavateľské údaje: 2017
Predmet:
On-line prístup:http://is.stuba.sk/zp/portal_zp.pl?podrobnosti=137300
https://opac.crzp.sk/?fn=detailBiblioForm&sid=E7FF18FD4FFD5019DBF8E13CC38C
Tagy: Pridať tag
Žiadne tagy, Buďte prvý, kto otaguje tento záznam!

MARC

LEADER 00000ntm a22000003a 4500
001 stuzp65208
003 SK-STU
005 20230818132156.1
007 ta
008 150427s2015----xo-----f-mn---000-0-slo-d
040 |a STU  |b slo 
041 0 |a slo 
100 1 |a Škrabalová, Patrícia  |u 010270  |4 aut  |U SvF Stavebná fakulta  |T SvF Katedra technológie stavieb  |X 42055  |U V270  |Y 28  |7 42055 
242 0 1 |a Selected parts of the construction and technological preparation for the construction of the "Fuxova Residential House, Bratislava, Petržalka"  |y eng 
245 1 0 |a Vybrané časti stavebno-technologickej prípravy pre stavbu "Bytový dom Fuxova, Bratislava, Petržalka" 
260 |c 2017 
650 4 |a bytový dom  |2 slo 
650 4 |a projekt zariadenia staveniska  |2 slo 
650 4 |a časový plán výstavby  |2 slo 
650 4 |a priemyselná podlaha  |2 slo 
650 4 |a residential building  |2 eng 
650 4 |a construction equipment project  |2 eng 
650 4 |a Time plan of construction  |2 eng 
650 4 |a industrial floor  |2 eng 
700 1 |a Juríček, Ivan  |u 010270  |k Z8  |4 ths  |U SvF Stavebná fakulta  |T SvF Katedra technológie stavieb  |X 878  |U V270  |Y 28  |7 A000000878 
856 4 |u http://is.stuba.sk/zp/portal_zp.pl?podrobnosti=137300 
856 4 |u https://opac.crzp.sk/?fn=detailBiblioForm&sid=E7FF18FD4FFD5019DBF8E13CC38C